[Event "Lichtenrader Herbst 2006"]
[Site "Berlin"]
[Date "2006.10.05"]
[Round "6.13"]
[White "Welz, Peter"]
[Black "Nowka, Oliver"]
[Result "1-0"]
[WhiteElo "2183"]
[BlackElo "1950"]
[PlyCount "131"]
[EventDate "2006.??.??"]

1. e4 g5 2. d3 h6 3. h4 gxh4 4. Nf3 d6 5. Rxh4 Bg7 6. Nc3 c5 7. Be2 Nc6 8. Nd5
e6 9. Nf4 Nf6 10. c3 Bd7 11. Be3 Qc7 12. Qd2 b6 13. O-O-O Ne7 14. Nh5 Nxh5 15.
Rxh5 Ng8 16. Rdh1 O-O-O 17. R5h4 Bc6 18. Ne1 d5 19. Qc2 Qb7 20. f3 Qe7 21. g4
f6 22. Ng2 Qf7 23. Kb1 Kb7 24. Nf4 Ne7 25. R4h2 f5 26. Nh5 Bf8 27. Rf1 Ng6 28.
e5 f4 29. Bg1 c4 30. d4 Be7 31. Bf2 Bg5 32. b3 b5 33. Ka1 Ka8 34. Be1 Rb8 35.
Bd1 Rhc8 36. Qb1 Rc7 37. Bd2 Rcb7 38. Bc2 Ne7 39. Qc1 Rf8 40. Rfh1 Ng8 41. Qa3
Be7 42. Qc1 Bg5 43. Kb2 Kb8 44. Qb1 Be8 45. Kc1 Qc7 46. Kd1 Ne7 47. Ke2 Nc6 48.
b4 a5 49. a3 axb4 50. axb4 Bxh5 51. Rxh5 Qg7 52. Be1 Ra7 53. Bh4 Bxh4 54. R1xh4
Ra3 55. Qb2 Qa7 56. Rxh6 Nxe5 57. Rh8 Rxh8 58. Rxh8+ Kc7 59. Qc1 Rxc3 60. Qxf4
Rxc2+ 61. Kd1 Qa1+ 62. Kxc2 Qa2+ 63. Kd1 Qb1+ 64. Ke2 Qc2+ 65. Ke1 Qc1+ 66.
Qxc1 1-0

[Event "Lichtenrader Herbst 2006"]
[Site "Berlin"]
[Date "2006.10.05"]
[Round "6.14"]
[White "Schildt, Rene"]
[Black "Jaeschke, Jens-Uwe"]
[Result "1-0"]
[WhiteElo "2007"]
[BlackElo "2180"]
[PlyCount "91"]
[EventDate "2006.??.??"]

1. e4 c6 2. d4 d5 3. f3 e6 4. Nc3 Nf6 5. Bg5 Be7 6. e5 Nfd7 7. Bxe7 Qxe7 8. f4
a6 9. Qg4 g6 10. a3 c5 11. Nf3 Nc6 12. dxc5 Nxc5 13. Bd3 Bd7 14. Qg3 b5 15. h4
b4 16. Ne2 h5 17. O-O O-O 18. Bxg6 fxg6 19. Qxg6+ Qg7 20. Qxh5 Be8 21. Qg5 Qxg5
22. Nxg5 Bh5 23. Ng3 Bg4 24. Rf2 bxa3 25. Rxa3 Rab8 26. Rc3 Rb5 27. Nf1 Nd4 28.
Rg3 Ne2+ 29. Rxe2 Bxe2 30. Nxe6+ Kf7 31. Nxf8 Kxf8 32. Ne3 d4 33. Nf5 Ne6 34.
Nd6 Rxb2 35. f5 Nf4 36. f6 Bh5 37. Rg5 Bf7 38. Rg7 Bh5 39. Ra7 Kg8 40. g4 Ne6
41. gxh5 Rxc2 42. f7+ Kg7 43. Re7 d3 44. Rxe6 d2 45. Rg6+ Kh7 46. f8=N+ 1-0

[Event "Lichtenrader Herbst 2006"]
[Site "Berlin"]
[Date "2006.10.05"]
[Round "6.15"]
[White "Stippekohl, Peter"]
[Black "Rehder, Frank"]
[Result "1-0"]
[WhiteElo "2177"]
[BlackElo "1761"]
[PlyCount "83"]
[EventDate "2006.??.??"]

1. Nf3 d5 2. e3 Nf6 3. c4 e6 4. d4 b6 5. Nbd2 Bb7 6. Be2 Bd6 7. O-O O-O 8. b3
Nbd7 9. Bb2 Re8 10. Ne5 c5 11. f4 Ne4 12. cxd5 exd5 13. Nxe4 dxe4 14. Bb5 Bxe5
15. dxe5 Re7 16. Qc2 Qc7 17. Rfd1 Nf8 18. Rd6 a6 19. Be2 Rd8 20. Rad1 Rde8 21.
Bg4 g6 22. Bc3 b5 23. Be1 h5 24. Bh3 Bc8 25. Bh4 Bxh3 26. gxh3 Rd7 27. Rxd7
Nxd7 28. Qxe4 c4 29. Qd4 Nf8 30. bxc4 bxc4 31. Be1 Qc8 32. Kg2 Qb7+ 33. Qd5 Qb5
34. Bc3 Ne6 35. Qd7 Rd8 36. Qxb5 axb5 37. Rxd8+ Nxd8 38. Kf3 Kf8 39. Ke4 Ke7
40. Kd5 Ne6 41. Kc6 g5 42. f5 1-0

[Event "Lichtenrader Herbst 2006"]
[Site "Berlin"]
[Date "2006.10.05"]
[Round "6.16"]
[White "Koerner, Helmut"]
[Black "Boettcher, Patrick"]
[Result "1/2-1/2"]
[WhiteElo "1976"]
[BlackElo "2161"]
[PlyCount "54"]
[EventDate "2006.??.??"]

1. b4 c6 2. e3 a5 3. b5 d5 4. Bb2 Nf6 5. c4 Bf5 6. Nf3 e6 7. Nc3 Nbd7 8. bxc6
bxc6 9. Nd4 Bg6 10. cxd5 cxd5 11. Bb5 Bd6 12. Qe2 O-O 13. O-O Ne4 14. Nxe4 dxe4
15. Rfc1 Ne5 16. Nc6 Nf3+ 17. Qxf3 exf3 18. Nxd8 Rfxd8 19. a4 fxg2 20. Kxg2 Bb4
21. d4 Rac8 22. Rxc8 Rxc8 23. Rc1 Rc2 24. Rxc2 Bxc2 25. f3 Kf8 26. Kf2 Ke7 27.
d5 g5 1/2-1/2

[Event "Lichtenrader Herbst 2006"]
[Site "Berlin"]
[Date "2006.10.05"]
[Round "6.17"]
[White "Schlueter, Bernd"]
[Black "Poppner, Dietmar"]
[Result "0-1"]
[WhiteElo "1825"]
[BlackElo "2149"]
[PlyCount "54"]
[EventDate "2006.??.??"]

1. d4 d5 2. Nf3 c5 3. c4 e6 4. Nc3 cxd4 5. Nxd4 Nf6 6. Bg5 Be7 7. cxd5 Nxd5 8.
Bxe7 Nxe7 9. g3 Nbc6 10. Nxc6 Qxd1+ 11. Rxd1 Nxc6 12. Bg2 Ke7 13. Bxc6 bxc6 14.
O-O Ba6 15. Rd2 Rhd8 16. Rfd1 Rxd2 17. Rxd2 Rb8 18. e4 e5 19. a3 Bc4 20. Na4
Be6 21. Nc5 Rb5 22. Nxe6 Kxe6 23. Kf1 g6 24. Ke2 f5 25. f3 Rb3 26. h4 fxe4 27.
fxe4 Rxg3 0-1

[Event "Lichtenrader Herbst 2006"]
[Site "Berlin"]
[Date "2006.10.05"]
[Round "6.18"]
[White "Kachibadze, Georg"]
[Black "Hahlbohm, Matthias"]
[Result "0-1"]
[WhiteElo "1939"]
[BlackElo "2114"]
[PlyCount "56"]
[EventDate "2006.??.??"]

1. e4 c5 2. Nf3 d6 3. d4 cxd4 4. Nxd4 Nf6 5. Nc3 a6 6. Bg5 e6 7. Qf3 Be7 8.
O-O-O Qc7 9. Qg3 Nbd7 10. Be2 b5 11. Bxb5 axb5 12. Ndxb5 Qb8 13. Nxd6+ Bxd6 14.
Qxd6 Qxd6 15. Rxd6 Bb7 16. f3 h6 17. Be3 Ke7 18. Rhd1 Rhc8 19. Kb1 Ne5 20. R6d4
Nc4 21. Bf2 Ra6 22. a4 Rac6 23. Be1 Ba6 24. Na2 e5 25. R4d3 Nxb2 26. Nb4 Bxd3
27. Nxc6+ Rxc6 28. Kxb2 Bxc2 0-1

[Event "Lichtenrader Herbst 2006"]
[Site "Berlin"]
[Date "2006.10.05"]
[Round "6.19"]
[White "Albrecht, Rainer"]
[Black "Glantz, Robert"]
[Result "1-0"]
[WhiteElo "2244"]
[BlackElo "1926"]
[PlyCount "71"]
[EventDate "2006.??.??"]

1. d4 g6 2. c4 Bg7 3. Nc3 d6 4. e4 Nf6 5. Nge2 O-O 6. Ng3 e5 7. d5 a5 8. Be2
Na6 9. h4 c6 10. Bg5 Qb6 11. Qd2 Ng4 12. Bxg4 Bxg4 13. h5 Qd4 14. f3 Bd7 15.
Qe2 Qb6 16. Qd2 Qd4 17. Qe2 Qb6 18. Qd2 Nc5 19. hxg6 fxg6 20. Be7 Rf7 21. Bxd6
Nd3+ 22. Qxd3 Qxb2 23. O-O Qb6+ 24. c5 Qd8 25. Rab1 h5 26. Rxb7 h4 27. Nh1 h3
28. g3 h2+ 29. Kxh2 Qg5 30. dxc6 Qh5+ 31. Kg1 Bxc6 32. Rxf7 Kxf7 33. Qc4+ Kf6
34. f4 Rh8 35. fxe5+ Kg5 36. Be7+ 1-0

[Event "Lichtenrader Herbst 2006"]
[Site "Berlin"]
[Date "2006.10.05"]
[Round "6.20"]
[White "Bandow, Alexander"]
[Black "Hesselbarth, Karlheinz"]
[Result "1-0"]
[WhiteElo "2153"]
[BlackElo "1933"]
[PlyCount "59"]
[EventDate "2006.??.??"]

1. e4 e5 2. Nf3 Nc6 3. Bc4 Bc5 4. O-O Nf6 5. d3 d6 6. Bg5 h6 7. Bh4 Na5 8. Bb3
Nxb3 9. axb3 Bg4 10. h3 Be6 11. c4 c6 12. Qd2 g5 13. Nxg5 hxg5 14. Qxg5 Nh5 15.
Qxd8+ Rxd8 16. Bxd8 Kxd8 17. b4 Bb6 18. Nc3 Nf4 19. c5 dxc5 20. Na4 cxb4 21.
Nxb6 axb6 22. Ra8+ Bc8 23. Kh2 Kc7 24. Kg3 Nxd3 25. Rd1 Rd8 26. Rd2 Nc5 27.
Rxd8 Kxd8 28. f3 Nd3 29. h4 Kc7 30. h5 1-0

[Event "Lichtenrader Herbst 2006"]
[Site "Berlin"]
[Date "2006.10.06"]
[Round "7.1"]
[White "Figura, Atila Gajo"]
[Black "Giemsa, Stephan"]
[Result "1-0"]
[WhiteElo "2352"]
[BlackElo "2296"]
[PlyCount "67"]
[EventDate "2006.??.??"]

1. d4 Nf6 2. c4 g6 3. Nc3 d5 4. cxd5 Nxd5 5. e4 Nxc3 6. bxc3 Bg7 7. Qa4+ c6 8.
Nf3 O-O 9. Be3 Nd7 10. Rd1 Nb6 11. Qc2 f5 12. Qb3+ Kh8 13. e5 f4 14. Bc1 Qd5
15. Ng5 h6 16. c4 Nxc4 17. Qxc4 Qxc4 18. Bxc4 hxg5 19. h4 g4 20. h5 Bh6 21.
hxg6 Kg7 22. Ba3 Kxg6 23. Bxe7 Re8 24. Bd3+ Bf5 25. Bxf5+ Kxf5 26. Bf6 Bf8 27.
Rh7 b5 28. Ke2 a5 29. Kd3 c5 30. d5 c4+ 31. Kd4 Rec8 32. Rh5+ Kg6 33. Rg5+ Kf7
34. Rh1 1-0

[Event "Lichtenrader Herbst 2006"]
[Site "Berlin"]
[Date "2006.10.06"]
[Round "7.2"]
[White "Neerforth, Philipp"]
[Black "Piepho, Niels"]
[Result "1-0"]
[WhiteElo "2184"]
[BlackElo "2218"]
[PlyCount "73"]
[EventDate "2006.??.??"]

1. Nf3 g6 2. c4 Bg7 3. e4 d6 4. d4 Nf6 5. Nc3 O-O 6. Be2 e5 7. O-O Nc6 8. d5
Ne7 9. b4 Nh5 10. Re1 Nf4 11. Bf1 a5 12. bxa5 Rxa5 13. a4 c5 14. Ra3 Bg4 15. h3
Bxf3 16. Qxf3 f5 17. Bxf4 exf4 18. Qxf4 Bd4 19. Qg5 Kg7 20. Nb5 Be5 21. exf5
Rxf5 22. Qd2 h6 23. g3 g5 24. Bd3 Rf6 25. Qe2 Ra8 26. Qg4 Qa5 27. Re2 Kh8 28.
Qd7 Ng6 29. Nc7 Qb4 30. Ne8 Rxe8 31. Bxg6 Rxg6 32. Qxe8+ Rg8 33. Qe6 Kh7 34.
Rf3 Qxc4 35. Rf7+ Bg7 36. Qf5+ Kh8 37. Ree7 1-0

[Event "Lichtenrader Herbst 2006"]
[Site "Berlin"]
[Date "2006.10.06"]
[Round "7.3"]
[White "Dimitrijeski, Kristian"]
[Black "Schatz, Walter"]
[Result "0-1"]
[WhiteElo "2104"]
[BlackElo "2125"]
[PlyCount "130"]
[EventDate "2006.??.??"]

1. d4 Nf6 2. Bg5 g6 3. Bxf6 exf6 4. c4 f5 5. Nc3 Bg7 6. g3 O-O 7. Bg2 d6 8. e3
c5 9. Nge2 Nc6 10. O-O Qb6 11. dxc5 dxc5 12. Qb3 Qb4 13. Nd5 Qxb3 14. axb3 Bxb2
15. Ra2 Be5 16. Nb6 Rb8 17. Nxc8 Rfxc8 18. Rd1 Rc7 19. Nf4 Bxf4 20. gxf4 a6 21.
Rad2 Na5 22. Rd7 Rbc8 23. R1d3 Kf8 24. R7d5 Ke8 25. Kf1 b6 26. Rd6 Rb8 27. Bf3
Ke7 28. R6d5 Nc6 29. Rd1 Rd8 30. Rxd8 Nxd8 31. Bd5 Nc6 32. Bxc6 Rxc6 33. Ra1 a5
34. Ke2 Rd6 35. f3 Kd7 36. e4 fxe4 37. fxe4 Kc6 38. h4 Kb7 39. f5 gxf5 40. exf5
Rf6 41. Rf1 b5 42. Kd3 Kb6 43. Ke4 Rh6 44. Rh1 b4 45. h5 Rd6 46. h6 a4 47. bxa4
Ka5 48. Ke5 Rd4 49. Kf6 Rxc4 50. Kxf7 b3 51. f6 Rf4 52. Kg7 c4 53. f7 b2 54.
f8=Q Rxf8 55. Kxf8 c3 56. Rb1 c2 57. Rxb2 c1=Q 58. Rb5+ Kxa4 59. Rh5 Qf4+ 60.
Ke7 Qe4+ 61. Kd8 Qg6 62. Rh4+ Kb5 63. Rh1 Kc6 64. Rc1+ Kb7 65. Kd7 Qd3+ 0-1

[Event "Lichtenrader Herbst 2006"]
[Site "Berlin"]
[Date "2006.10.06"]
[Round "7.4"]
[White "Postler, Reinhard"]
[Black "Welz, Peter"]
[Result "1/2-1/2"]
[WhiteElo "2331"]
[BlackElo "2183"]
[PlyCount "128"]
[EventDate "2006.??.??"]

1. e4 e6 2. d4 d5 3. Nd2 dxe4 4. Nxe4 Qd5 5. Nc3 Bb4 6. Nf3 Nf6 7. Bd3 b6 8.
O-O Bxc3 9. bxc3 Nbd7 10. c4 Qh5 11. Be2 Qa5 12. a4 Ne4 13. Bd3 Bb7 14. Qe2
Ndf6 15. d5 Nc5 16. Bd2 Qa6 17. dxe6 fxe6 18. Ne5 O-O 19. Rfb1 Be4 20. f3 Bxd3
21. cxd3 Qc8 22. d4 Nb7 23. a5 Nd6 24. Be3 Nf5 25. Bf2 Qe8 26. Rd1 Nd7 27. Nc6
Nf6 28. d5 exd5 29. Qxe8 Rfxe8 30. cxd5 Kf7 31. Rd3 Ne7 32. Nxe7 Kxe7 33. Bg3
Kd7 34. Rc1 Rac8 35. Kf1 Nh5 36. Bf2 Nf4 37. Rd2 bxa5 38. Ra2 Nd3 39. Rca1 Nxf2
40. Kxf2 Rb8 41. Rxa5 Rb2+ 42. Kg3 Ree2 43. Rxa7 Rxg2+ 44. Kf4 Rxh2 45. Rc1
Rbc2 46. Rxc2 Rxc2 47. Ra8 Re2 48. Kf5 Re7 49. Ra6 Rf7+ 50. Ke4 Rf6 51. Ra8 h5
52. Rg8 Rg6 53. f4 h4 54. f5 Rg4+ 55. Kf3 Rg3+ 56. Kf4 Kd6 57. Rd8+ Ke7 58. Rh8
Rd3 59. Ke5 Rh3 60. Rh7 Kf8 61. f6 gxf6+ 62. Kxf6 Rf3+ 63. Ke6 Re3+ 64. Kd7 Rd3
1/2-1/2

[Event "Lichtenrader Herbst 2006"]
[Site "Berlin"]
[Date "2006.10.06"]
[Round "7.5"]
[White "Fette, Martin"]
[Black "Stippekohl, Peter"]
[Result "1-0"]
[WhiteElo "2315"]
[BlackElo "2177"]
[PlyCount "53"]
[EventDate "2006.??.??"]

1. e4 d6 2. d4 Nf6 3. Nc3 g6 4. f4 Bg7 5. Nf3 O-O 6. Be2 Na6 7. e5 dxe5 8. fxe5
Nd5 9. Nxd5 Qxd5 10. O-O c5 11. c4 Qe4 12. Bd3 Qg4 13. d5 Bxe5 14. Nxe5 Qd4+
15. Kh1 Qxe5 16. Bh6 Re8 17. Qf3 f6 18. Rae1 Qd4 19. Qxf6 Qxf6 20. Rxf6 Bf5 21.
Rxf5 gxf5 22. Bxf5 Nc7 23. Bd7 Rf8 24. Bxf8 Rxf8 25. Kg1 Rf4 26. Rxe7 Rxc4 27.
d6 1-0

[Event "Lichtenrader Herbst 2006"]
[Site "Berlin"]
[Date "2006.10.06"]
[Round "7.6"]
[White "Teschke, Olaf"]
[Black "Kristovic, Stjepan"]
[Result "1-0"]
[WhiteElo "2254"]
[BlackElo "2053"]
[PlyCount "79"]
[EventDate "2006.??.??"]

1. d4 d5 2. c4 Nf6 3. cxd5 Qxd5 4. Nc3 Qh5 5. Nf3 a6 6. e4 e6 7. Bd3 Bb4 8. O-O
Bxc3 9. bxc3 Qa5 10. c4 c5 11. e5 Ng8 12. d5 h6 13. Qe2 Ne7 14. d6 Nec6 15. Bb2
Qd8 16. Nd2 h5 17. f4 g6 18. Ne4 Nd7 19. Bc2 b6 20. Ng5 Nf8 21. Rad1 Bd7 22.
Bc3 Rg8 23. Nf3 Qc8 24. Be1 Ra7 25. Bh4 Nb4 26. Bb1 Nc6 27. h3 Rb7 28. Qe3 Na5
29. Rc1 Bc6 30. Ng5 Ra7 31. Rfd1 Qa8 32. Rd2 Rd7 33. Rb2 Qa7 34. Bd3 Rb7 35.
Be1 Nd7 36. Rcb1 Qb8 37. Bxa5 bxa5 38. Rxb7 Qxb7 39. Rxb7 Bxb7 40. Be4 1-0

[Event "Lichtenrader Herbst 2006"]
[Site "Berlin"]
[Date "2006.10.06"]
[Round "7.7"]
[White "Kaiser, Martin"]
[Black "Kiesekamp, Marcos"]
[Result "0-1"]
[WhiteElo "2186"]
[BlackElo "2251"]
[PlyCount "136"]
[EventDate "2006.??.??"]

1. e4 c6 2. d4 g6 3. c4 Bg7 4. Nc3 d6 5. Nf3 Nf6 6. Be2 O-O 7. O-O Nbd7 8. h3
e5 9. Be3 exd4 10. Nxd4 Nc5 11. e5 Nfe4 12. Nxe4 Nxe4 13. exd6 Nxd6 14. Qd2 Ne4
15. Qd3 Nc5 16. Qd2 Ne4 17. Qd3 Qe7 18. Qc2 Ng3 19. Rfe1 Nxe2+ 20. Qxe2 Qf6 21.
c5 Bd7 22. Rad1 Rad8 23. Rd2 Bc8 24. Red1 Rfe8 25. Qf3 Qxf3 26. Nxf3 Rxd2 27.
Rxd2 Be6 28. b3 Bf8 29. Ne5 Be7 30. Kf1 Bd5 31. Nd3 g5 32. f3 Bf6 33. Re2 a5
34. Bd2 Ra8 35. Ne5 a4 36. Nd7 Bd4 37. Be3 Bxe3 38. Rxe3 axb3 39. axb3 Kg7 40.
Kf2 Ra2+ 41. Re2 Bxb3 42. Rxa2 Bxa2 43. Ke3 Be6 44. Ne5 Kf6 45. Kd4 h5 46. Nd3
h4 47. Nf2 Bd5 48. Kc3 Be6 49. Kd4 Bf5 50. Nd1 Ke6 51. Ne3 f6 52. Nc4 Bc2 53.
Na5 Ba4 54. Ke3 Bb5 55. Nxb7 Bf1 56. Kf2 Ba6 57. Nd6 f5 58. g3 f4 59. gxf4 gxf4
60. Ne4 Ke5 61. Ng5 Bc4 62. Ne4 Be6 63. Kg2 Bf5 64. Nd6 Bg6 65. Nc8 Bf5 66. Ne7
Bd7 67. Kf2 Kf6 68. Ng8+ Kg7 0-1

[Event "Lichtenrader Herbst 2006"]
[Site "Berlin"]
[Date "2006.10.06"]
[Round "7.8"]
[White "Poppner, Dietmar"]
[Black "Tchetchelnitski, Boris"]
[Result "0-1"]
[WhiteElo "2149"]
[BlackElo "2232"]
[PlyCount "60"]
[EventDate "2006.??.??"]

1. b3 e5 2. Bb2 d6 3. g3 Nc6 4. Bg2 g6 5. Nf3 Bg7 6. e3 Nf6 7. d3 O-O 8. c4 a5
9. a3 Re8 10. e4 Bg4 11. h3 Bxf3 12. Bxf3 Nd4 13. Bg2 Nd7 14. b4 c6 15. Bxd4
exd4 16. Nd2 axb4 17. axb4 Qb6 18. Ra4 Ne5 19. Ke2 d5 20. f4 Nd7 21. Kf2 dxe4
22. Nxe4 Bf8 23. g4 Qc7 24. Rxa8 Rxa8 25. Qd2 f5 26. gxf5 gxf5 27. Nc5 Nxc5 28.
bxc5 Bxc5 29. Bf3 Kh8 30. Rb1 Re8 0-1

[Event "Lichtenrader Herbst 2006"]
[Site "Berlin"]
[Date "2006.10.06"]
[Round "7.9"]
[White "Meissner, Hans-Juergen"]
[Black "Schildt, Rene"]
[Result "1/2-1/2"]
[WhiteElo "2225"]
[BlackElo "2007"]
[PlyCount "50"]
[EventDate "2006.??.??"]

1. d4 d5 2. c4 e6 3. Nc3 Nf6 4. Bg5 Be7 5. e3 O-O 6. Rc1 h6 7. Bh4 Nbd7 8. Nf3
b6 9. cxd5 exd5 10. Ne5 Bb7 11. f4 c5 12. Bd3 Ne4 13. Bxe7 Qxe7 14. O-O Rfd8
15. Rf3 Nxe5 16. fxe5 cxd4 17. exd4 Qb4 18. Nb5 Rac8 19. Rxc8 Bxc8 20. Bxe4
dxe4 21. Rb3 Qe7 22. Nd6 f6 23. Rc3 Be6 24. Qc2 fxe5 25. dxe5 Bd5 1/2-1/2

[Event "Lichtenrader Herbst 2006"]
[Site "Berlin"]
[Date "2006.10.06"]
[Round "7.10"]
[White "Gebigke, Martin"]
[Black "Getz, Nicolai"]
[Result "0-1"]
[WhiteElo "2196"]
[BlackElo "1924"]
[PlyCount "82"]
[EventDate "2006.??.??"]

1. d4 Nf6 2. c4 e6 3. Nf3 b6 4. Nc3 Bb4 5. Bg5 Bb7 6. e3 h6 7. Bh4 Bxc3+ 8.
bxc3 d6 9. Bd3 Nbd7 10. O-O Qe7 11. Nd2 g5 12. Bg3 O-O-O 13. Qa4 h5 14. c5 dxc5
15. Ba6 e5 16. Nc4 Ne4 17. Bxe5 Nxe5 18. Nxe5 Rd6 19. Nc6 Qd7 20. Nxa7+ Kb8 21.
Qxd7 Rxd7 22. Bxb7 Kxb7 23. Nb5 c6 24. Na3 Nxc3 25. dxc5 b5 26. Nc2 Rd5 27.
Rfe1 Rxc5 28. Nd4 Ra8 29. a3 Rd5 30. Kf1 c5 31. Nb3 Kb6 32. Rec1 Ne4 33. Ke1
Rd3 34. Rcb1 Nc3 35. Rb2 b4 36. a4 Rxa4 37. Rd2 Rxd2 38. Kxd2 Rxa1 39. Nxa1
Ne4+ 40. Ke2 c4 41. f3 b3 0-1

[Event "Lichtenrader Herbst 2006"]
[Site "Berlin"]
[Date "2006.10.06"]
[Round "7.11"]
[White "Hahlbohm, Matthias"]
[Black "Bandow, Alexander"]
[Result "1-0"]
[WhiteElo "2114"]
[BlackElo "2153"]
[PlyCount "70"]
[EventDate "2006.??.??"]

1. e4 d5 2. e5 c5 3. c3 d4 4. Bc4 e6 5. d3 a6 6. a4 Nc6 7. f4 Nge7 8. Nf3 Rb8
9. O-O b5 10. Ba2 Nf5 11. axb5 axb5 12. Qe2 Ra8 13. g4 Nh4 14. f5 Bb7 15. fxe6
fxe6 16. Ng5 dxc3 17. bxc3 Nd4 18. cxd4 Qxd4+ 19. Be3 Qxa1 20. Bxe6 Qxe5 21.
Bf7+ Kd8 22. Bb3 Bd5 23. Bxd5 Qxd5 24. Nf7+ Kd7 25. Nxh8 Bd6 26. Nf7 Bc7 27.
Nc3 Qb3 28. Ne4 Qd5 29. Qf2 Rf8 30. Bxc5 Re8 31. Qxh4 Qxd3 32. Nf2 Qc4 33. Rd1+
Kc6 34. Nd6 Re5 35. Nxc4 Rxc5 1-0

[Event "Lichtenrader Herbst 2006"]
[Site "Berlin"]
[Date "2006.10.06"]
[Round "7.12"]
[White "Zschaebitz, Klaus"]
[Black "Albrecht, Rainer"]
[Result "1-0"]
[WhiteElo "2066"]
[BlackElo "2244"]
[PlyCount "163"]
[EventDate "2006.??.??"]

1. d4 e6 2. Nf3 f5 3. Bf4 Nf6 4. e3 Be7 5. h3 b6 6. Nbd2 Bb7 7. Bd3 O-O 8. O-O
Ne4 9. Bh2 d6 10. c3 Nd7 11. Qb3 Kh8 12. Bc4 d5 13. Be2 Bd6 14. Rad1 Qf6 15.
Bb5 Bxh2+ 16. Nxh2 c6 17. Nxe4 fxe4 18. Be2 e5 19. Bg4 Qe7 20. Bxd7 Qxd7 21.
dxe5 Ba6 22. Rfe1 Qe6 23. Qa4 Bd3 24. f4 exf3 25. Nxf3 Be4 26. Ng5 Qxe5 27.
Nxe4 dxe4 28. Qxc6 Qg3 29. Qxe4 Qf2+ 30. Kh2 Qxb2 31. Qd4 Qxa2 32. Rd2 Qe6 33.
c4 Rac8 34. Qd5 Qe7 35. Rd4 Rfd8 36. Qe4 Qxe4 37. Rxe4 Rd7 38. Rd4 Rdc7 39. Ra1
Kg8 40. Kg3 Kf7 41. Ra4 Ke6 42. Kf3 Rf8+ 43. Ke2 Ke7 44. Ra2 Rf5 45. Kd3 Rf1
46. Rc2 Rf6 47. h4 Rfc6 48. Ra2 Rf6 49. g4 h6 50. Rd2 Re6 51. Rf2 Rf6 52. Rf5
Re6 53. Rfd5 Rec6 54. e4 Rf6 55. Re5+ Re6 56. Rxe6+ Kxe6 57. Rd5 Rd7 58. h5 Rf7
59. Ke3 Rf1 60. Rd2 Ke5 61. Rd5+ Ke6 62. Rd2 Ke5 63. Rd7 Re1+ 64. Kf3 Rf1+ 65.
Kg2 Rc1 66. Rxa7 Rxc4 67. Rxg7 Kf4 68. e5 Re4 69. Rg6 Rxe5 70. Kh3 Re1 71. Rf6+
Ke5 72. Rxh6 Kf4 73. Rf6+ Kg5 74. Rf5+ Kh6 75. Rb5 Rh1+ 76. Kg2 Rc1 77. Rxb6+
Kg5 78. Rg6+ Kf4 79. h6 Rc8 80. g5 Kf5 81. Rg7 Rh8 82. h7 1-0

[Event "Lichtenrader Herbst 2006"]
[Site "Berlin"]
[Date "2006.10.06"]
[Round "7.13"]
[White "Haemmerlein, Thomas"]
[Black "Koenig, Frank"]
[Result "1-0"]
[WhiteElo "2195"]
[BlackElo "2042"]
[PlyCount "91"]
[EventDate "2006.??.??"]

1. d4 Nf6 2. Nf3 g6 3. Bg5 Bg7 4. Nbd2 d6 5. e4 h6 6. Bf4 Nbd7 7. h3 c5 8. c3
O-O 9. d5 Re8 10. Bd3 Nh5 11. Bh2 Ne5 12. Be2 Nxf3+ 13. Bxf3 Nf6 14. O-O e6 15.
dxe6 fxe6 16. e5 dxe5 17. Qc2 e4 18. Nxe4 Nxe4 19. Qxe4 Qf6 20. Rad1 e5 21.
Qd5+ Kh8 22. Qxc5 Bxh3 23. Bxb7 Rab8 24. Bc6 Rbc8 25. Qe3 Rxc6 26. Qxh3 Rd6 27.
Qe3 Re7 28. Qc5 Rxd1 29. Rxd1 Kh7 30. Bg3 h5 31. Qc4 Bh6 32. Rd8 Rf7 33. Re8
Bf4 34. Bxf4 exf4 35. Qe4 Rd7 36. Qe2 Kh6 37. Re4 Qd8 38. Rxf4 Rd1+ 39. Kh2 Qd6
40. g3 Qd5 41. Re4 Kg7 42. Qf3 Qd7 43. Qe3 Qc6 44. Qxa7+ Kh6 45. Qe3+ Kg7 46.
Qf3 1-0

[Event "Lichtenrader Herbst 2006"]
[Site "Berlin"]
[Date "2006.10.06"]
[Round "7.14"]
[White "Boettcher, Patrick"]
[Black "Weigelt, Thomas"]
[Result "0-1"]
[WhiteElo "2161"]
[BlackElo "1756"]
[PlyCount "82"]
[EventDate "2006.??.??"]

1. d4 d5 2. c4 c6 3. Nc3 Nf6 4. Nf3 e6 5. Bg5 Nbd7 6. cxd5 cxd5 7. e3 a6 8. Bd3
Bd6 9. O-O Qc7 10. Rc1 Qb8 11. Qe2 O-O 12. e4 dxe4 13. Nxe4 Nd5 14. Nxd6 Qxd6
15. Qe4 f5 16. Qh4 N7f6 17. Rfe1 Ne7 18. Ne5 h6 19. Bd2 Nfd5 20. a3 b5 21. Qg3
f4 22. Qg4 Rf6 23. Be4 Rb8 24. Ng6 Nxg6 25. Bxg6 Bd7 26. Re5 b4 27. axb4 Nxb4
28. Bc3 Nd5 29. h4 Nxc3 30. bxc3 a5 31. h5 a4 32. Qd1 Bc6 33. Bc2 Ra8 34. Qd3
g6 35. hxg6 Rxg6 36. Ra1 a3 37. c4 a2 38. c5 Qb8 39. Bb3 Ra3 40. Rxa2 Rxb3 41.
Qc4 Bd5 0-1

[Event "Lichtenrader Herbst 2006"]
[Site "Berlin"]
[Date "2006.10.06"]
[Round "7.15"]
[White "von Loehneysen, Leonard"]
[Black "Witte, Ronald"]
[Result "0-1"]
[WhiteElo "2033"]
[BlackElo "2122"]
[PlyCount "84"]
[EventDate "2006.??.??"]

1. c4 f5 2. Nf3 Nf6 3. g3 e6 4. Bg2 Be7 5. O-O O-O 6. Nc3 d6 7. d3 c6 8. Bd2 e5
9. Ne1 Be6 10. f4 Nbd7 11. b3 Qe8 12. Nf3 Nh5 13. e3 h6 14. Qe2 g5 15. fxe5
dxe5 16. d4 e4 17. Ne1 Ndf6 18. Bh3 g4 19. Bg2 Nh7 20. Qd1 Ng5 21. Ne2 Nf3+ 22.
Bxf3 gxf3 23. Nf4 Nxf4 24. exf4 Bf6 25. Be3 Rd8 26. Nc2 Rd7 27. Qe1 h5 28. Rd1
h4 29. gxh4 Qh5 30. Kh1 Bxh4 31. Rg1+ Rg7 32. Rxg7+ Kxg7 33. Bf2 Rh8 34. d5
cxd5 35. cxd5 Bd7 36. Nd4 Qg4 37. Qg1 Kf7 38. Qxg4 fxg4 39. Bxh4 Rxh4 40. Kg1
e3 41. Rd3 f2+ 42. Kf1 g3 0-1

[Event "Lichtenrader Herbst 2006"]
[Site "Berlin"]
[Date "2006.10.06"]
[Round "7.16"]
[White "Hoppensack, Manfred"]
[Black "Koerner, Helmut"]
[Result "1-0"]
[WhiteElo "2110"]
[BlackElo "1976"]
[PlyCount "133"]
[EventDate "2006.??.??"]

1. e4 d5 2. exd5 Nf6 3. Bb5+ Bd7 4. Bc4 b5 5. Bb3 Bg4 6. f3 Bc8 7. Qe2 a6 8. c4
c6 9. dxc6 Nxc6 10. cxb5 Nd4 11. Qe5 axb5 12. Nc3 e6 13. Nge2 Nxb3 14. Qxb5+
Qd7 15. Qxb3 Be7 16. Qb5 O-O 17. Qxd7 Bxd7 18. d4 Rfb8 19. O-O Bc6 20. Nf4 g5
21. Nd3 Nd5 22. Ne5 Bb7 23. Nd7 Rd8 24. Nxd5 Bxd5 25. Ne5 Rxa2 26. Rxa2 Bxa2
27. Nc6 Rd7 28. Nxe7+ Rxe7 29. Bxg5 Rb7 30. Rf2 Bd5 31. Bf6 h6 32. h4 h5 33.
Rc2 Kh7 34. Kf2 Kg6 35. Bd8 Rb4 36. Rd2 Ra4 37. Be7 Ra1 38. b4 Rb1 39. Kg3 Kf5
40. Re2 Kg6 41. Re5 f6 42. Re2 Rd1 43. Bc5 Rb1 44. Rc2 Kf5 45. Rd2 Rb3 46. Bd6
Rb1 47. Kh2 Rb3 48. Rc2 Rd3 49. Bc5 Rb3 50. Rc1 Rb2 51. Kg3 Ba2 52. Kh3 Bd5 53.
Rf1 Bc4 54. Rc1 Bd5 55. Rc3 Ba2 56. g4+ Kg6 57. Be7 hxg4+ 58. fxg4 Rb3 59. Rxb3
Bxb3 60. b5 Bd5 61. Bd6 Kf7 62. Kg3 Ke8 63. h5 Kd7 64. h6 Be4 65. Kf4 Bg6 66.
Bc5 Kc7 67. g5 1-0

[Event "Lichtenrader Herbst 2006"]
[Site "Berlin"]
[Date "2006.10.06"]
[Round "7.17"]
[White "Offermann, Fernando"]
[Black "Mandic, Milenko"]
[Result "1-0"]
[WhiteElo "2082"]
[BlackElo "2105"]
[PlyCount "99"]
[EventDate "2006.??.??"]

1. d4 Nf6 2. c4 g6 3. Nc3 Bg7 4. e4 d6 5. Be2 O-O 6. Nf3 Nbd7 7. Be3 e5 8. d5
a5 9. Nd2 b6 10. a3 Ne8 11. g4 Nc5 12. b4 axb4 13. axb4 Rxa1 14. Qxa1 Nb7 15.
Qa8 Qd7 16. Rg1 c5 17. dxc6 Qxc6 18. Nd5 Bf6 19. b5 Qd7 20. Nxb6 Qe6 21. Qxc8
Qxc8 22. Nxc8 Nc7 23. Nb6 Be7 24. Nb3 Ne6 25. Kd2 Rd8 26. Ra1 Nbc5 27. Nxc5
dxc5+ 28. Nd5 Kg7 29. Ra7 Bd6 30. Bd1 Bb8 31. Ra6 Bd6 32. b6 Rb8 33. Ra7 h6 34.
Ba4 Nd8 35. Bb5 h5 36. h3 Ne6 37. Kc2 hxg4 38. hxg4 Rh8 39. Bd7 Nd4+ 40. Kd3
Rh1 41. Bxd4 exd4 42. Be6 Rb1 43. Rxf7+ Kh6 44. f4 Bxf4 45. Rxf4 g5 46. Rf6+
Kg7 47. Rf7+ Kh8 48. Rc7 Rb3+ 49. Kc2 Ra3 50. b7 1-0

[Event "Lichtenrader Herbst 2006"]
[Site "Berlin"]
[Date "2006.10.06"]
[Round "7.18"]
[White "Just, Detlef"]
[Black "Trebbin, Wolfhard"]
[Result "0-1"]
[WhiteElo "1775"]
[BlackElo "2113"]
[PlyCount "91"]
[EventDate "2006.??.??"]

1. Nf3 d5 2. g3 Nf6 3. b3 g6 4. Bb2 Bg7 5. Bg2 O-O 6. O-O c5 7. d3 Nc6 8. Nbd2
Qc7 9. h3 e5 10. e4 d4 11. Kh2 a6 12. a4 h6 13. Nc4 Be6 14. Ng1 b5 15. Nd2 Rab8
16. Ba3 Na7 17. Bc1 Rfd8 18. Ndf3 c4 19. bxc4 bxc4 20. Nh4 cxd3 21. cxd3 Rb3
22. Qd2 Qc3 23. Qxc3 dxc3 24. Ngf3 Nc6 25. Ne1 Nb4 26. Nhf3 Ne8 27. Ra3 Nxd3
28. Rxb3 Bxb3 29. Nxd3 Rxd3 30. Ng1 Bxa4 31. f4 exf4 32. gxf4 c2 33. e5 Rd1 34.
Nf3 Bf8 35. h4 Rxc1 36. Rxc1 Ba3 37. Rxc2 Bxc2 38. Nd4 Ba4 39. h5 Bc5 40. Nf3
g5 41. f5 Bc2 42. Bf1 a5 43. f6 Nc7 44. Bc4 a4 45. Nd2 Be3 46. Nf3 0-1